Project management versus general management within the business organisation diplomová práca

Saved in:
Bibliographic Details
Main Author: Hudáková, Elena
Corporate Author: Ekonomická univerzita v Bratislave. Ústav medzinárodných programov
Other Authors: Marsina, Štefan
Format: Book
Language:English
Published: Bratislava 2012
Tags: Add Tag
No Tags, Be the first to tag this record!

MARC

LEADER 00000nam$a2200000$$$4500
001 0157627
005 20240318114609.5
041 0 |a eng 
044 |a SK 
245 1 0 |a Project management versus general management within the business organisation  |b diplomová práca  |c Elena Hudáková ; školiteľ: Štefan Marsina 
264 1 |a Bratislava  |c 2012 
300 |a 75 s. 
100 1 |a Hudáková, Elena 
700 1 |a Marsina, Štefan 
710 2 |a Ekonomická univerzita v Bratislave. Ústav medzinárodných programov